| 000 | 01012nam a22003017i 4500 | ||
|---|---|---|---|
| 003 | EG-GICUC | ||
| 005 | 20260121101447.0 | ||
| 008 | 251210s1952 fr ||||fr|||| 00| 0 fre d | ||
| 040 |
_aEG-GiCUC _bfre _cEG-GiCUC _dEG-GiCUC _eRda |
||
| 041 | _afre | ||
| 082 | 0 | 4 |
_221 _a341.23 _bHA . R |
| 092 | 0 | 4 | _221 |
| 099 | _aLaw1 11 341.23 HA . R 1952 | ||
| 100 | 1 |
_aHaviland Jr., Field _eAuteur |
|
| 245 | 1 | 3 |
_aLe Role Politique De Lassemblee Generale des Nations Unies / _cPar Field Haviland Jr. |
| 264 | 1 |
_aparis : _bPresses Universitaires de france, _c1952. |
|
| 300 |
_a196 page ; _c 24 cm. |
||
| 336 |
_2rda contenu _a texte |
||
| 337 |
_2rda medias _aOrdinateur |
||
| 338 |
_2 transporteur rda _a Ressource en ligne |
||
| 504 | _aBibliographic references | ||
| 546 | _aTexte en français | ||
| 650 | 1 | 4 |
_aorgane des Nations unies. _xDroit international public _2qrmak |
| 651 | 1 | _2qrmak | |
| 856 | 4 | 0 | _uhttps://fll.law.cu.edu.eg/fulltext/bks/B11-05026.pdf |
| 905 |
_a75 _eHassnaa |
||
| 942 |
_2ddc _cBK _e21 _n0 |
||
| 999 |
_c49471 _d49471 |
||